| 000 | 00456nam a2200181Ia 4500 | ||
|---|---|---|---|
| 001 | 13335 | ||
| 005 | 20260306164753.0 | ||
| 008 | 260306t2009||||xx |||||||||||||| ||spa|| | ||
| 041 | _aESP | ||
| 082 |
_a001.42 _bS72 |
||
| 100 |
_aSouza Minayo, Maria Cecília de _eAUT |
||
| 245 | 0 | _aLa artesanía de la investigación cualitativa | |
| 260 | _c2009 | ||
| 300 |
_a334 páginas : _c22 cm. |
||
| 650 | _aGEN | ||
| 654 | _aCHU | ||
| 942 |
_cLIB _dJUS _fJUS _2ddc _n |
||
| 999 |
_c13335 _d13335 |
||